| 000 | 01124cam a2200289 a 4500 | ||
|---|---|---|---|
| 001 | 000002591 | ||
| 005 | 20200929150223.0 | ||
| 008 | 860212s1991 sp 001 0 spa d | ||
| 020 | _a843092213X | ||
| 040 |
_aDO-SdBNP _bspa _cBNPHU |
||
| 041 | 1 | 7 |
_aspa _hfre |
| 082 |
_a940 _bF386p |
||
| 100 | 1 |
_aFerrero, Guglielmo _d1871-1942 _98162 |
|
| 245 | 1 | 3 |
_aEl poder : _blos genios invisibles de la ciudad / _cGuglielmo Ferrero; traducción, Eloy García. |
| 246 | 1 | 0 | _aGenios invisibles de la ciudad |
| 260 |
_aMadrid : _bTecnos, _c1991. |
||
| 300 |
_a309 p. ; _c21 cm. |
||
| 440 | 0 |
_aCiencias sociales _pSerie de ciencia política _98163 |
|
| 440 | 0 |
_aSemilla y Surco _pSerie de ciencia política _98164 |
|
| 504 | _aIncluye referencias bibliográficas: p 309 | ||
| 504 | _aIncluye notas al pie de las páginas | ||
| 534 |
_aPouvoir. Les génies invisibles de la cité _pTítulo original: _tEl poder : los genios invisibles de la ciudad |
||
| 651 | 4 |
_aEuropa _xHistoria _xFilosofía _98165 |
|
| 651 | 4 |
_aEuropa _xHistoria _xRevolución _98166 |
|
| 651 | 4 |
_aEuropa _xPolítica Y Gobierno _9540 |
|
| 700 | 1 |
_aGarcía, Eloy _etr. _98167 |
|
| 999 |
_c2427 _d2427 |
||